[Event "Gipuzkoako Txapelketa Nagusia"]
[Site "Zarautz"]
[Date "2009.10.24"]
[Round "1"]
[White "Argandona Riveiro, Inigo"]
[Black "Arana Garate, Jon"]
[Result "1-0"]
[WhiteElo "2375"]
[BlackElo "1952"]
[PlyCount "35"]
[EventDate "2009.10.24"]
[EventRounds "7"]
[EventCountry "ESP"]

1. e4 c6 2. c4 g6 3. Nc3 Bg7 4. d4 d6 5. Be3 Nd7 6. Nf3 Qc7 7. Be2 e5 8. d5 c5
9. Nd2 Ne7 10. g4 Nf6 11. f4 Nfg8 12. Nf3 f6 13. g5 Bg4 14. gxf6 Bxf6 15. fxe5
Bxf3 16. exf6 Bxh1 17. Qa4+ Qd7 18. f7+ 1-0

[Event "Gipuzkoako Txapelketa Nagusia"]
[Site "Zarautz"]
[Date "2009.10.24"]
[Round "1"]
[White "Etxagibel Larranaga, Asier"]
[Black "Agirretxe San Sebastian, Jesus"]
[Result "1/2-1/2"]
[WhiteElo "1945"]
[BlackElo "2164"]
[PlyCount "91"]
[EventDate "2009.10.24"]
[EventRounds "7"]
[EventCountry "ESP"]

1. d4 d5 2. c4 c6 3. Nf3 Nf6 4. cxd5 cxd5 5. Nc3 Nc6 6. Bf4 Bf5 7. e3 e6 8. Qb3
Bb4 9. Bb5 O-O 10. Bxc6 Bxc3+ 11. Qxc3 bxc6 12. O-O Qb6 13. Nd2 Rfc8 14. Rfc1
a5 15. f3 a4 16. Bd6 h5 17. b3 Qb5 18. Kf2 Ra6 19. a3 h4 20. bxa4 Rxa4 21. Bb4
Qb8 22. Kg1 Qb5 23. Kf2 Bd3 24. Nb3 Bc4 25. Na5 Qb8 26. Nxc4 dxc4 27. Kg1 Nd5
28. Qc2 Qb5 29. Qxc4 Qxc4 30. Rxc4 Nxe3 31. Rcc1 Nf5 32. Rc4 Rd8 33. Rxc6 $2
Rxd4 34. Re1 Rd3 35. Kf2 Ra8 36. Rc4 Rb3 37. Re2 Kh7 38. g3 hxg3+ 39. hxg3 Rd3
40. g4 Nd6 41. Rc5 Kg6 42. Re3 Rd1 43. Re1 Rd3 44. f4 Ra6 45. Rg5+ Kf6 46. Re3
1/2-1/2

[Event "Gipuzkoako Txapelketa Nagusia"]
[Site "Zarautz"]
[Date "2009.10.24"]
[Round "1"]
[White "Bello Castano, Diego"]
[Black "Lakunza Plazaola, Asier"]
[Result "0-1"]
[WhiteElo "1928"]
[BlackElo "2089"]
[PlyCount "65"]
[EventDate "2009.10.24"]
[EventRounds "7"]
[EventCountry "ESP"]

1. Nf3 Nf6 2. b3 e6 3. Bb2 Be7 4. e3 O-O 5. Be2 c5 6. O-O Nc6 7. d4 b6 8. c4
cxd4 9. Nxd4 Nxd4 10. Bxd4 Bb7 11. Bf3 Qc7 12. Nd2 d6 13. Rc1 Rac8 14. Bb2 Rfd8
15. Bxb7 Qxb7 16. Qe2 Qa6 17. a3 d5 18. Rfd1 Rc7 19. Qf3 Rcd7 20. cxd5 Rxd5 21.
Nc4 b5 22. Rxd5 Rxd5 23. e4 Rd8 24. Ne3 Qb7 25. e5 Nd5 26. b4 Bg5 27. Bd4 Qa6
28. Ra1 Bxe3 29. Bxe3 Nxb4 30. Qg3 Qxa3 31. Re1 Nc2 32. Qg5 Qa5 33. h4 0-1

[Event "Gipuzkoako Txapelketa Nagusia"]
[Site "Zarautz"]
[Date "2009.10.24"]
[Round "1"]
[White "Manso Marquez, Felix"]
[Black "Fernandez Zubitur, Jokin"]
[Result "1-0"]
[WhiteElo "2087"]
[BlackElo "1869"]
[PlyCount "47"]
[EventDate "2009.10.24"]
[EventRounds "7"]
[EventCountry "ESP"]

1. d4 Nf6 2. c4 e5 3. dxe5 Ng4 4. Bf4 Nc6 5. Nf3 Bb4+ 6. Nc3 Qe7 7. Qd5 Bxc3+
8. bxc3 f6 9. exf6 Nxf6 10. Qd3 d6 11. g3 O-O 12. Bg2 Ne4 13. O-O Bf5 14. Nh4
Nc5 15. Nxf5 Qf6 16. Qd5+ Ne6 17. Qxe6+ Qxe6 18. Bd5 Rae8 19. Bxe6+ Rxe6 20.
Nd4 Nxd4 21. cxd4 Rxe2 22. d5 h6 23. h4 Rc2 24. Rfc1 1-0

[Event "Gipuzkoako Txapelketa Nagusia"]
[Site "Zarautz"]
[Date "2009.10.24"]
[Round "1"]
[White "Zubia Aramburu, Mikel"]
[Black "Guijarro Galan, Jose Luis"]
[Result "0-1"]
[WhiteElo "1863"]
[BlackElo "2085"]
[PlyCount "102"]
[EventDate "2009.10.24"]
[EventRounds "7"]
[EventCountry "ESP"]

1. c4 Nf6 2. Nc3 g6 3. g3 Bg7 4. Bg2 c5 5. e3 Nc6 6. Nge2 O-O 7. O-O Ne5 8. d3
d6 9. b3 Bg4 10. f3 Bf5 11. e4 Bd7 12. d4 cxd4 13. Nxd4 Qb6 14. Be3 Nfg4 15.
Nd5 Nxe3 16. Nxb6 Nxd1 17. Nxd7 Nxd7 18. Raxd1 a5 19. f4 Nc5 20. Nb5 Rac8 21.
Rd5 a4 22. e5 dxe5 23. fxe5 axb3 24. axb3 e6 25. Rdd1 Nxb3 26. Rd7 Nc5 27.
Rdxf7 Rxf7 28. Rxf7 Kxf7 29. Nd6+ Kf8 30. Nxc8 Bxe5 31. Nb6 Bc7 32. Na8 Bd8 33.
Kf2 Ke8 34. Ke3 Kd7 35. Kd4 Kd6 36. Bf3 h5 37. Kc3 Ba5+ 38. Kd4 e5+ 39. Ke3 Kd7
40. h4 e4 41. Be2 Kc8 42. Kd4 b6 43. g4 hxg4 44. Bxg4+ Kb7 45. Nxb6 Kxb6 46. h5
gxh5 47. Bxh5 Bd2 48. Be2 e3 49. Bf3 Ne6+ 50. Kd3 Kc5 51. Kc2 Nd4+ 0-1

[Event "Gipuzkoako Txapelketa Nagusia"]
[Site "Zarautz"]
[Date "2009.10.24"]
[Round "1"]
[White "Garro Beraza, Haritz"]
[Black "Nogues Fernandez, Ramon"]
[Result "1/2-1/2"]
[WhiteElo "2073"]
[BlackElo "1862"]
[PlyCount "69"]
[EventDate "2009.10.24"]
[EventRounds "7"]
[EventCountry "ESP"]

1. e4 e5 2. Nf3 Nc6 3. Bb5 a6 4. Ba4 Nf6 5. O-O Be7 6. Re1 b5 7. Bb3 O-O 8. d4
d6 9. c3 Bg4 10. d5 Na5 11. Bc2 c6 12. dxc6 Qc7 13. Nbd2 Qxc6 14. h3 Be6 15.
Nf1 Nc4 16. b3 Nb6 17. Bd2 Rfd8 18. Qe2 Rac8 19. Rac1 Qb7 20. Ng3 Qb8 21. Bd3
h6 22. Rb1 Nbd7 23. Nh4 d5 24. Nhf5 Bf8 25. exd5 Nxd5 26. Rbc1 Nc5 27. Bb1 Nf4
28. Bxf4 exf4 29. Qg4 fxg3 30. Nxh6+ Kh8 31. Nxf7+ Kg8 32. Nh6+ Kh8 33. Nf7+
Kg8 34. Nh6+ Kh8 35. Nf7+ 1/2-1/2

[Event "Gipuzkoako Txapelketa Nagusia"]
[Site "Zarautz"]
[Date "2009.10.24"]
[Round "1"]
[White "Paredes Macarro, Manuel"]
[Black "Ezpeleta Pradera, Juan Francisc"]
[Result "0-1"]
[WhiteElo "1860"]
[BlackElo "2072"]
[PlyCount "66"]
[EventDate "2009.10.24"]
[EventRounds "7"]
[EventCountry "ESP"]

1. e4 c5 2. a3 g6 3. b4 Bg7 4. c3 d5 5. exd5 Qxd5 6. Nf3 e5 7. d3 Ne7 8. Bb2
O-O 9. c4 Qd6 10. Nc3 Nd7 11. Ne4 Qc7 12. Be2 Rd8 13. Qb3 b6 14. h4 Bb7 15. Ng3
Nf8 16. h5 Ne6 17. hxg6 hxg6 18. O-O-O b5 19. Rh4 a5 20. bxa5 Rxa5 21. Rdh1 Nd4
22. Nxd4 cxd4 23. Kd2 bxc4 24. dxc4 Bxg2 25. R1h2 Rb8 26. Qc2 Bf6 27. Rh7 Qb7
28. Bc1 e4 29. Nxe4 Bxe4 30. Bd3 Bf3 31. Ke1 Re5+ 32. Kf1 Bg2+ 33. Kg1 Re1+ 0-1

[Event "Gipuzkoako Txapelketa Nagusia"]
[Site "Zarautz"]
[Date "2009.10.24"]
[Round "1"]
[White "Tejedor Txapartegui, Nabar"]
[Black "Garro Beraza, Julen"]
[Result "1/2-1/2"]
[WhiteElo "2044"]
[BlackElo "1856"]
[PlyCount "91"]
[EventDate "2009.10.24"]
[EventRounds "7"]
[EventCountry "ESP"]

1. e4 c5 2. Nf3 d6 3. d4 cxd4 4. Nxd4 Nf6 5. Nc3 a6 6. Be3 e6 7. g4 b5 8. a3
Bb7 9. Bg2 Nfd7 10. Qe2 Nb6 11. Rd1 N8d7 12. O-O Be7 13. f4 Nc4 14. Bc1 Rc8 15.
Rf3 Qb6 16. Kh1 Bf6 17. Qf2 g6 18. b3 Na5 19. g5 Bg7 20. Bb2 O-O 21. Rh3 Rfd8
22. Qd2 Nf8 23. Nde2 Nc6 24. Rd3 Rd7 25. Qc1 Ne7 26. Qa1 Qd8 27. Nd5 Bxb2 28.
Nxe7+ Qxe7 29. Qxb2 d5 30. Ng3 Rdc7 31. R3d2 Nd7 32. h4 Nb6 33. h5 Qf8 34. Bf3
Qg7 35. e5 Qf8 36. Qd4 Qc5 37. Qd3 Qxa3 38. hxg6 fxg6 39. Rh2 Qe7 40. Rdd2 Rc3
41. Qf1 Qf8 42. Qh3 Qf7 43. Bg4 R8c6 44. Qg2 Rc7 45. Qh3 R7c6 46. Qg2 1/2-1/2

[Event "Gipuzkoako Txapelketa Nagusia"]
[Site "Zarautz"]
[Date "2009.10.24"]
[Round "1"]
[White "Goni Garmendia, Aitor"]
[Black "Galarza Cenzano, Inigo"]
[Result "0-1"]
[WhiteElo "1847"]
[BlackElo "2042"]
[PlyCount "68"]
[EventDate "2009.10.24"]
[EventRounds "7"]
[EventCountry "ESP"]

1. e4 e5 2. Nf3 Nc6 3. Bb5 a6 4. Ba4 Nf6 5. O-O Be7 6. Re1 b5 7. Bb3 d6 8. h3
O-O 9. c3 Nd7 10. d4 Bf6 11. Be3 Na5 12. d5 Nxb3 13. Qxb3 Nb6 14. Bxb6 cxb6 15.
Nbd2 g6 16. Rac1 Bg7 17. c4 bxc4 18. Qxc4 Ra7 19. Re3 b5 20. Qc6 Re7 21. Qa8
Qd7 22. Rec3 Bb7 23. Qa7 Qd8 24. Qe3 h6 25. Ne1 f5 26. f3 f4 27. Qf2 g5 28. Nd3
a5 29. Nb1 b4 30. R3c2 h5 31. Nd2 g4 32. Qh4 g3 33. Rc7 Rxc7 34. Qxd8 Rxc1+ 0-1

[Event "Gipuzkoako Txapelketa Nagusia"]
[Site "Zarautz"]
[Date "2009.10.24"]
[Round "1"]
[White "Segovia Sanchez, Antonio"]
[Black "Izagirre Alsua, Aritz"]
[Result "1-0"]
[WhiteElo "2019"]
[BlackElo "1837"]
[PlyCount "79"]
[EventDate "2009.10.24"]
[EventRounds "7"]
[EventCountry "ESP"]

1. d4 f5 2. g3 g6 3. Bg2 Nf6 4. h4 d6 5. d5 c6 6. c4 e5 7. dxe6 Bxe6 8. Qc2 Bg7
9. Nh3 d5 10. Nf4 Bf7 11. Nd2 Na6 12. a3 Nc7 13. Rb1 O-O 14. O-O Re8 15. b3
dxc4 16. bxc4 Rb8 17. Bb2 Qe7 18. Nb3 Ne6 19. Nd3 Nd7 20. c5 Nc7 21. Bxg7 Kxg7
22. Nd4 Ne6 23. Qc3 Nxd4 24. Qxd4+ Nf6 25. Bf3 h6 26. Rb2 Kh7 27. Rfb1 Rbd8 28.
Qa4 Rd7 29. Qxa7 Nd5 30. Rxb7 Red8 31. Ne5 Rxb7 32. Rxb7 Qxe5 33. Rxf7+ Kg8 34.
Rh7 Qf6 35. Rd7 Re8 36. Rd6 Re6 37. Qa8+ Kg7 38. Qxc6 Rxd6 39. cxd6 Nc3 40.
Qc7+ 1-0

[Event "Gipuzkoako Txapelketa Nagusia"]
[Site "Zarautz"]
[Date "2009.10.24"]
[Round "1"]
[White "Olabe Odriozola, Eduardo"]
[Black "Alvarado Fernandez, Mikel"]
[Result "0-1"]
[WhiteElo "1830"]
[BlackElo "2016"]
[PlyCount "66"]
[EventDate "2009.10.24"]
[EventRounds "7"]
[EventCountry "ESP"]

1. e4 g6 2. Nc3 Bg7 3. Bc4 e6 4. d3 c6 5. Nge2 d5 6. exd5 exd5 7. Bb3 Nf6 8.
O-O O-O 9. Ng3 a5 10. a4 Bg4 11. f3 Qb6+ 12. Kh1 Be6 13. Bf4 h5 14. Bg5 Nh7 15.
Qd2 Nxg5 16. Qxg5 Kh7 17. Rae1 Nd7 18. Nge2 Bh6 19. Qh4 Rae8 20. g4 hxg4 21.
fxg4 g5 22. Qg3 Rh8 23. Rf2 Bg7 24. Ref1 Kg8 25. h3 Ne5 26. Kg2 Rh4 27. Nf4
Bxg4 28. Nce2 Bxh3+ 29. Nxh3 Rg4 30. Nxg5 Rxg3+ 31. Nxg3 f6 32. Nh3 Ng4 33. Rf4
Ne3+ 0-1

[Event "Gipuzkoako Txapelketa Nagusia"]
[Site "Zarautz"]
[Date "2009.10.24"]
[Round "1"]
[White "Olmo Vega, Diego"]
[Black "D Anna Razzetti, Juan Pablo"]
[Result "1-0"]
[WhiteElo "2000"]
[BlackElo "1818"]
[PlyCount "89"]
[EventDate "2009.10.24"]
[EventRounds "7"]
[EventCountry "ESP"]

1. e4 e5 2. Nf3 Nc6 3. Bb5 Bc5 4. c3 d6 5. O-O Bd7 6. d4 exd4 7. cxd4 Bb6 8.
Re1 Nge7 9. Nc3 O-O 10. h3 a6 11. Ba4 Ng6 12. Bg5 Qc8 13. Nd5 Ba5 14. Bd2 Bxd2
15. Qxd2 Re8 16. Rac1 Qd8 17. Rc3 Rc8 18. Bc2 Nce7 19. Ne3 Nf4 20. Kh2 Neg6 21.
Ng1 Qg5 22. g3 Nxh3 23. Nxh3 Qh6 24. Rh1 Qxh3+ 25. Kg1 Qe6 26. g4 Qxa2 27. Nf5
Qa1+ 28. Kg2 Qa5 29. Qg5 Qb4 30. Rch3 f6 31. Qe3 d5 32. Rxh7 Bxf5 33. gxf5 Nf8
34. Rh8+ Kf7 35. Bb3 c6 36. Qf3 Qxd4 37. exd5 cxd5 38. Bxd5+ Ke7 39. Re1+ Kd8
40. Rd1 Qc5 41. Be6+ Kc7 42. Rxf8 Rxf8 43. Rd7+ Kb6 44. Rxb7+ Ka5 45. b4+ 1-0

[Event "Gipuzkoako Txapelketa Nagusia"]
[Site "Zarautz"]
[Date "2009.10.24"]
[Round "1"]
[White "Kuende Gorostidi, Jon"]
[Black "Beitia Amador-Carrandi, Ernesto"]
[Result "0-1"]
[WhiteElo "1805"]
[BlackElo "1988"]
[PlyCount "42"]
[EventDate "2009.10.24"]
[EventRounds "7"]
[EventCountry "ESP"]

1. e4 e5 2. Nf3 Nc6 3. Bb5 Nf6 4. O-O Nxe4 5. d4 Nd6 6. Bxc6 dxc6 7. Nxe5 Be6
8. Re1 Be7 9. c4 O-O 10. b3 Bf6 11. Bb2 Nf5 12. Re4 Ne7 13. Nc3 Bf5 14. Re3 Re8
15. Ng4 Bxd4 16. Rg3 Bxg4 17. Qxg4 Bf6 18. Rd1 Qc8 19. Rd7 Nf5 20. Ne4 Rxe4 21.
Qxe4 Nxg3 0-1

[Event "Gipuzkoako Txapelketa Nagusia"]
[Site "Zarautz"]
[Date "2009.10.24"]
[Round "1"]
[White "Argandona Riveiro, Jon"]
[Black "Cantabrana Garona, Alejandro"]
[Result "1-0"]
[WhiteElo "1979"]
[BlackElo "1789"]
[PlyCount "73"]
[EventDate "2009.10.24"]
[EventRounds "7"]
[EventCountry "ESP"]

1. e4 c5 2. Nf3 e6 3. d3 Nc6 4. g3 g6 5. Bg2 Bg7 6. O-O Nge7 7. c3 O-O 8. Re1
d6 9. Qe2 Rb8 10. h4 e5 11. Nbd2 Bg4 12. Nc4 b5 13. Ne3 Bd7 14. Nh2 f5 15. exf5
gxf5 16. Nd5 Nxd5 17. Bxd5+ Kh8 18. Bg5 Qe8 19. f4 h6 20. fxe5 Nxe5 21. Bf4 Qg6
22. h5 Qf6 23. Nf3 Nxf3+ 24. Qxf3 b4 25. Rac1 bxc3 26. bxc3 Rfe8 27. Re2 Rxe2
28. Qxe2 Re8 29. Qd2 Re7 30. Qb2 Bf8 31. Bf3 Kh7 32. Qb8 Rg7 33. Kf2 Be6 34.
Bxd6 Bxd6 35. Qxd6 Rd7 36. Qa6 Qg7 37. Qxe6 1-0

[Event "Gipuzkoako Txapelketa Nagusia"]
[Site "Zarautz"]
[Date "2009.10.24"]
[Round "1"]
[White "Velte, Daniela"]
[Black "Garrido Fernandez, David"]
[Result "1-0"]
[WhiteElo "1763"]
[BlackElo "1969"]
[PlyCount "95"]
[EventDate "2009.10.24"]
[EventRounds "7"]
[EventCountry "ESP"]

1. Nf3 f5 2. d4 Nf6 3. g3 g6 4. Bg2 Bg7 5. O-O O-O 6. c3 e6 7. Qb3 Nc6 8. Bg5
h6 9. Bf4 g5 10. Be5 d6 11. Bxf6 Qxf6 12. d5 exd5 13. Qxd5+ Be6 14. Qb5 Rab8
15. Nbd2 a6 16. Qd3 Rbd8 17. Qc2 Rfe8 18. e4 f4 19. Rad1 Bf7 20. Nb3 g4 21. Nh4
f3 22. Bh1 Qe5 23. Nd2 d5 24. exd5 Rxd5 25. Ng6 Qg5 26. Nf4 Rde5 27. h4 Qf6 28.
b3 h5 29. Nc4 Re2 30. Qd3 Rd8 31. Qb1 Rde8 32. Rd7 Bh6 33. Nxe2 fxe2 34. Re1
Bg6 35. Bd5+ Kh8 36. Qb2 Qf5 37. Bxc6 bxc6 38. Rxc7 Qf3 39. Nd6 Re6 40. Rc8+
Kh7 41. Rc7+ Kg8 42. Rc8+ Kh7 43. c4 Bg7 44. Rc7 Rf6 45. Rxe2 Qd3 46. Ne8 Qd1+
47. Kg2 Be4+ 48. Rxe4 1-0

[Event "Gipuzkoako Txapelketa Nagusia"]
[Site "Zarautz"]
[Date "2009.10.24"]
[Round "1"]
[White "Puga Senar, Fernando"]
[Black "Rodriguez Cabrera, Fco  Javier"]
[Result "0-1"]
[WhiteElo "1714"]
[BlackElo "1965"]
[PlyCount "68"]
[EventDate "2009.10.24"]
[EventRounds "7"]
[EventCountry "ESP"]

1. d4 c5 2. c4 cxd4 3. Qxd4 Nc6 4. Qd1 Nf6 5. g3 e6 6. Bg2 Bc5 7. Nh3 O-O 8.
O-O d5 9. cxd5 exd5 10. Nf4 d4 11. Qc2 Qb6 12. Nd3 Bd6 13. Bg5 Bf5 14. Bxf6
gxf6 15. Na3 Nb4 16. Nc4 Nxc2 17. Nxb6 axb6 18. Rac1 Bxd3 19. exd3 Nb4 20. a3
Nxd3 21. Rcd1 Nxb2 22. Rxd4 Be5 23. Rh4 Rxa3 24. Be4 Ra4 25. Bxh7+ Kg7 26. f4
Bd4+ 27. Kg2 Nc4 28. Bc2 Ne3+ 29. Kh1 Nxc2 30. Rg4+ Kh6 31. Rh4+ Kg6 32. f5+
Kg5 33. Rff4 Ne3 34. Rxd4 Ra1+ 0-1

[Event "Gipuzkoako Txapelketa Nagusia"]
[Site "Zarautz"]
[Date "2009.10.31"]
[Round "2"]
[White "Alvarado Fernandez, Mikel"]
[Black "Argandona Riveiro, Inigo"]
[Result "1/2-1/2"]
[WhiteElo "2016"]
[BlackElo "2375"]
[PlyCount "124"]
[EventDate "2009.10.24"]
[EventRounds "7"]
[EventCountry "ESP"]

1. d4 d6 2. Nf3 Nf6 3. c4 Nbd7 4. Nc3 e5 5. e4 Be7 6. Be2 O-O 7. O-O Re8 8. Re1
Bf8 9. Bf1 exd4 10. Nxd4 Nc5 11. f3 a5 12. Be3 c6 13. Qc2 a4 14. Rad1 Qa5 15.
Rb1 Bd7 16. b4 axb3 17. Nxb3 Nxb3 18. Rxb3 d5 19. Bb6 Bc5+ 20. Bxc5 Qxc5+ 21.
Qf2 Qxf2+ 22. Kxf2 d4 23. Nd1 Rxa2+ 24. Kg1 Bc8 25. Nf2 Nd7 26. Nd3 Ra5 27. Rd1
g5 28. g3 Nf8 29. Rd2 Re7 30. Kf2 h5 31. Rb1 c5 32. Rdb2 Ne6 33. Rb5 Rxb5 34.
Rxb5 Rc7 35. Bh3 Bd7 36. Rb6 g4 37. Bg2 gxf3 38. Bxf3 Ng5 39. h4 Nxf3 40. Kxf3
Be6 41. Nb2 Bg4+ 42. Kf4 Be2 43. e5 Kf8 44. Ke4 Ke7 45. Nd3 Kd8 46. Nf4 Bxc4
47. Nxh5 Be2 48. Nf4 Bd1 49. e6 Ke8 50. Nd5 Rc6 51. exf7+ Kxf7 52. Rxb7+ Kf8
53. Rb8+ Kg7 54. Rb7+ Kh6 55. Rb6 Rxb6 56. Nxb6 Kh5 57. Kd3 Bg4 58. Na4 Bf5+
59. Kc4 d3 60. Kxc5 d2 61. Nc3 Kg4 62. Kd4 Kxg3 1/2-1/2

[Event "Gipuzkoako Txapelketa Nagusia"]
[Site "Zarautz"]
[Date "2009.10.31"]
[Round "2"]
[White "Beitia Amador-Carrandi, Ernesto"]
[Black "Alcaide Luque, Aitor"]
[Result "1/2-1/2"]
[WhiteElo "1988"]
[BlackElo "2104"]
[PlyCount "57"]
[EventDate "2009.10.24"]
[EventRounds "7"]
[EventCountry "ESP"]

1. e4 e6 2. d4 d5 3. Nc3 Nf6 4. Bg5 Be7 5. e5 Nfd7 6. h4 O-O 7. Bd3 c5 8. Bxe7
Qxe7 9. dxc5 Nc6 10. Nf3 f6 11. exf6 Qxf6 12. Qd2 Nxc5 13. O-O-O Qf4 14. Qxf4
Rxf4 15. Rhf1 a6 16. Ne2 Rf6 17. Nfd4 e5 18. Nxc6 bxc6 19. c3 Be6 20. Bc2 Raf8
21. f3 Nd7 22. b4 a5 23. a3 Nb6 24. Bb3 Ra8 25. Kb2 Rf7 26. Rfe1 Rfa7 27. Ra1
a4 28. Ba2 Rf7 29. Nd4 1/2-1/2

[Event "Gipuzkoako Txapelketa Nagusia"]
[Site "Zarautz"]
[Date "2009.10.31"]
[Round "2"]
[White "Rodriguez Cabrera, Fco  Javier"]
[Black "Manso Marquez, Felix"]
[Result "1-0"]
[WhiteElo "1965"]
[BlackElo "2087"]
[PlyCount "29"]
[EventDate "2009.10.24"]
[EventRounds "7"]
[EventCountry "ESP"]

1. e4 c5 2. Nf3 e6 3. d4 cxd4 4. Nxd4 Nc6 5. Nc3 Qc7 6. Be3 a6 7. Be2 Nf6 8.
O-O Bb4 9. Nxc6 bxc6 10. Qd4 Rb8 11. e5 Bxc3 12. bxc3 Nd5 13. Qg4 O-O 14. Bc5
Qxe5 15. Bd4 1-0

[Event "Gipuzkoako Txapelketa Nagusia"]
[Site "Zarautz"]
[Date "2009.10.31"]
[Round "2"]
[White "Guijarro Galan, Jose Luis"]
[Black "Argandona Riveiro, Jon"]
[Result "1-0"]
[WhiteElo "2085"]
[BlackElo "1979"]
[PlyCount "73"]
[EventDate "2009.10.24"]
[EventRounds "7"]
[EventCountry "ESP"]

1. e4 d6 2. d4 Nf6 3. Nc3 e5 4. Nf3 Nbd7 5. Bc4 Be7 6. Ng5 O-O 7. Bxf7+ Rxf7 8.
Ne6 Qe8 9. Nxc7 Qd8 10. Nxa8 b5 11. a4 Bb7 12. axb5 Qxa8 13. f3 Bxe4 14. dxe5
Nxe5 15. fxe4 Nxe4 16. Qd5 Bh4+ 17. g3 Nf3+ 18. Kf1 Nxh2+ 19. Kg1 Nf3+ 20. Kg2
Qxd5 21. Nxd5 Bxg3 22. Rxa7 Nh4+ 23. Rxh4 Rf2+ 24. Kh3 Rh2+ 25. Kg4 Rxh4+ 26.
Kf3 Be5 27. Be3 Nc5 28. Bxc5 dxc5 29. Re7 Bd6 30. Re6 Bh2 31. c3 Kf7 32. Re7+
Kf8 33. b6 Rh6 34. Rd7 Ke8 35. Rxg7 Rd6 36. c4 Be5 37. Re7+ 1-0

[Event "Gipuzkoako Txapelketa Nagusia"]
[Site "Zarautz"]
[Date "2009.10.31"]
[Round "2"]
[White "Ezpeleta Pradera, Juan Francisc"]
[Black "Irure Crespo, Egoitz"]
[Result "1-0"]
[WhiteElo "2072"]
[BlackElo "1967"]
[PlyCount "79"]
[EventDate "2009.10.24"]
[EventRounds "7"]
[EventCountry "ESP"]

1. e4 c6 2. d4 d5 3. Nd2 dxe4 4. Nxe4 Bf5 5. Ng3 Bg6 6. Bc4 e6 7. N1e2 Bd6 8.
Nf4 Bxf4 9. Bxf4 Nf6 10. Be5 Nbd7 11. Qe2 Qa5+ 12. c3 Nxe5 13. dxe5 Nd5 14. O-O
O-O 15. Rad1 Rad8 16. Rd4 b5 17. Bb3 c5 18. Rg4 c4 19. Bc2 Qxa2 20. Be4 Rd7 21.
h4 f5 22. exf6 Rxf6 23. h5 Nxc3 24. Qc2 Nxe4 25. hxg6 Nxg3 26. gxh7+ Kh8 27.
Rxg3 Qa6 $2 28. Qe4 Qc8 29. Rh3 Qf8 30. Qe5 Rd5 31. Qc7 Rd2 32. f3 Rxb2 33. Rd1
c3 34. Qxc3 Rxg2+ 35. Kxg2 Rg6+ 36. Kh1 Qb8 37. Qd4 Rf6 38. Qd7 b4 39. Rc1 Rf8
40. Rc7 1-0

[Event "Gipuzkoako Txapelketa Nagusia"]
[Site "Zarautz"]
[Date "2009.10.31"]
[Round "2"]
[White "Galarza Cenzano, Inigo"]
[Black "Velte, Daniela"]
[Result "1-0"]
[WhiteElo "2042"]
[BlackElo "1763"]
[PlyCount "49"]
[EventDate "2009.10.24"]
[EventRounds "7"]
[EventCountry "ESP"]

1. e4 d6 2. f4 Nf6 3. Nc3 g6 4. Bc4 Bg7 5. d3 O-O 6. Nf3 c6 7. a4 Qb6 8. a5 Qc7
9. O-O b5 10. axb6 Qxb6+ 11. Kh1 Ng4 12. Qe1 a5 13. h3 Nf6 14. Be3 Qc7 15. Qh4
Ba6 16. Bb3 Nbd7 17. f5 d5 18. fxg6 hxg6 19. exd5 Nh5 20. Ne4 cxd5 21. Bxd5
Rab8 22. g4 Nhf6 23. Nfg5 Rfe8 24. Bxf7+ Kf8 25. Ne6+ 1-0

[Event "Gipuzkoako Txapelketa Nagusia"]
[Site "Zarautz"]
[Date "2009.10.31"]
[Round "2"]
[White "Agirretxe San Sebastian, Jesus"]
[Black "Tejedor Txapartegui, Nabar"]
[Result "0-1"]
[WhiteElo "2164"]
[BlackElo "2044"]
[PlyCount "56"]
[EventDate "2009.10.24"]
[EventRounds "7"]
[EventCountry "ESP"]

1. d4 d5 2. c4 e5 3. dxe5 d4 4. a3 Nc6 5. Nf3 Nge7 6. e3 Nf5 7. exd4 Nfxd4 8.
Nxd4 Qxd4 9. Qxd4 Nxd4 10. Ra2 Be6 11. b4 a5 12. Bb2 Rd8 13. Bc3 Bf5 14. Rb2
Nc2+ 15. Ke2 axb4 16. axb4 Be7 17. Kf3 O-O 18. g4 Bg6 19. Kg3 f5 20. h3 fxg4
21. hxg4 Be4 22. f4 Bxh1 23. Rxc2 Rd1 24. Nd2 Rd8 25. Kf2 Bh4+ 26. Ke3 R8xd2
27. Rxd2 Rxf1 28. Rh2 Bg3 0-1

[Event "Gipuzkoako Txapelketa Nagusia"]
[Site "Zarautz"]
[Date "2009.10.31"]
[Round "2"]
[White "Garro Beraza, Julen"]
[Black "Garro Beraza, Haritz"]
[Result "0-1"]
[WhiteElo "1856"]
[BlackElo "2073"]
[PlyCount "58"]
[EventDate "2009.10.24"]
[EventRounds "7"]
[EventCountry "ESP"]

1. e4 c5 2. Nf3 d6 3. d4 cxd4 4. Nxd4 Nf6 5. Nc3 a6 6. f3 e6 7. Be3 Be7 8. Qd2
O-O 9. O-O-O Nc6 10. g4 Nxd4 11. Bxd4 b5 12. g5 Nd7 13. h4 Qc7 14. Kb1 b4 15.
Ne2 Ne5 16. Bg2 Nc4 17. Qc1 e5 18. Be3 a5 19. Ng3 Rb8 20. Ka1 g6 21. f4 Bg4 22.
Rd3 Rfe8 23. c3 Nxb2 24. Qxb2 bxc3 25. Qc1 c2 26. Qd2 Bd1 27. Rxd1 cxd1=Q+ 28.
Qxd1 exf4 29. Bxf4 Bf8 0-1

[Event "Gipuzkoako Txapelketa Nagusia"]
[Site "Zarautz"]
[Date "2009.10.31"]
[Round "2"]
[White "Nogues Fernandez, Ramon"]
[Black "Etxagibel Larranaga, Asier"]
[Result "0-1"]
[WhiteElo "1862"]
[BlackElo "1945"]
[PlyCount "126"]
[EventDate "2009.10.24"]
[EventRounds "7"]
[EventCountry "ESP"]

1. d4 Nf6 2. c4 c5 3. d5 b5 4. cxb5 a6 5. e3 g6 6. Nc3 Bg7 7. e4 d6 8. Nf3 O-O
9. a4 axb5 10. Bxb5 Ba6 11. Bf4 Qa5 12. Bd2 Bxb5 13. Nxb5 Qb6 14. Qe2 Na6 15.
O-O Rfb8 16. Qc4 Qb7 17. Bc3 Rd8 18. Rfd1 Bh6 19. e5 Ne8 20. exd6 Nxd6 21. Nxd6
exd6 22. Qh4 Bg7 23. Ng5 h6 24. Bxg7 Kxg7 25. Ne4 Qxb2 26. Rab1 Qe5 27. Re1 g5
28. Qg3 Qxg3 29. fxg3 Nb4 30. Nc3 Kf6 31. Rf1+ Kg6 32. Rbe1 Re8 33. Rxe8 Rxe8
34. Nb5 Nxd5 35. Nxd6 Re6 36. Nc4 Re4 37. Nd6 Rxa4 38. Rc1 Nf6 39. Kf1 Rd4 40.
Nb5 Rd5 41. Nc7 Re5 42. h3 h5 43. Nb5 Ne4 44. g4 hxg4 45. hxg4 c4 46. Nd4 c3
47. Ne2 Rc5 48. Rc2 Kf6 49. g3 Ke5 50. Kg2 Rd5 51. Nxc3 Rc5 52. Ra2 Rxc3 53.
Ra5+ Rc5 54. Ra7 Ke6 55. Ra6+ Nd6 56. Ra2 f6 57. Re2+ Re5 58. Ra2 Re1 59. Kf2
Rb1 60. Re2+ Kf7 61. Kf3 Rb3+ 62. Kg2 Kg6 63. Re6 Nf7 {Tiempo} 0-1

[Event "Gipuzkoako Txapelketa Nagusia"]
[Site "Zarautz"]
[Date "2009.10.31"]
[Round "2"]
[White "Izagirre Alsua, Aritz"]
[Black "Martin Alvarez, Inigo"]
[Result "0-1"]
[WhiteElo "1837"]
[BlackElo "2227"]
[PlyCount "184"]
[EventDate "2009.10.24"]
[EventRounds "7"]
[EventCountry "ESP"]

1. e4 c5 2. Nc3 e6 3. d3 Nc6 4. f4 d6 5. Nf3 g6 6. g3 Bg7 7. Bg2 Nge7 8. O-O
O-O 9. Be3 b6 10. Bf2 Qd7 11. g4 f5 12. gxf5 gxf5 13. Bg3 Bb7 14. Qd2 Rae8 15.
Rae1 d5 16. e5 d4 17. Nd1 Nd5 18. Qe2 Bh6 19. Nd2 Nce7 20. Nc4 Nc8 21. Qh5 Bg7
22. Qe2 b5 23. Na5 Ba8 24. Nb3 Qc7 25. Kh1 Nce7 26. c3 dxc3 27. Nxc3 Nxc3 28.
bxc3 Bxg2+ 29. Qxg2 c4 30. Nd4 Qd7 31. dxc4 bxc4 32. Qd2 Rb8 33. Rb1 Qd5+ 34.
Kg1 Rfc8 35. h3 Bh6 36. Qe2 Ng6 37. Rbc1 Rb6 38. Rc2 Rcb8 39. Qg2 Qxg2+ 40.
Kxg2 Rb2 41. Kf3 Rxc2 42. Nxc2 Rb2 43. Nd4 Kf7 44. Ra1 Ne7 45. a4 Nd5 46. Ne2
Rb3 47. Rc1 Nb6 48. a5 Nd7 49. Rd1 Nc5 50. Rd4 Ne4 51. Rd7+ Kg6 52. Rxa7 Nxc3
53. Nxc3 Rxc3+ 54. Kf2 Bf8 55. Ra6 Rc2+ 56. Kf3 Kf7 57. Rc6 Rc3+ 58. Kf2 Be7
59. a6 Ra3 60. Rc7 Ke8 61. Rxc4 Rxa6 62. Rc8+ Kf7 63. Rc7 Ke8 64. Rc8+ Kd7 65.
Rh8 Bc5+ 66. Kf3 Ra3+ 67. Kg2 Kc6 68. Rxh7 Kd5 69. Rg7 Ke4 70. h4 Be3 71. h5
Bxf4 72. Bxf4 Kxf4 73. h6 Ra8 74. h7 Rh8 75. Ra7 Kxe5 76. Kf3 Kf6 77. Rb7 Kg6
78. Rb6 Kf6 79. Rb7 Rc8 80. Rb6 Rc3+ 81. Kg2 Rc2+ 82. Kf3 Rh2 83. Rb7 e5 84.
Rb6+ Kg5 85. Rb7 Kg6 86. Re7 e4+ 87. Kf4 Rh4+ 88. Kg3 Rxh7 89. Re8 Kf6 90. Ra8
Rg7+ 91. Kf2 Ke5 92. Ra5+ Kf4 0-1